| 000 | 01545nkm a2200349 i 4500 | ||
|---|---|---|---|
| 001 | 3493 | ||
| 003 | ES-MaACL | ||
| 005 | 20251204184209.0 | ||
| 007 | khrbo | ||
| 008 | 051104s1985 sp --- g |001||spa d | ||
| 100 | 0 |
_aAlfonso, _d1902-1990 _919858 |
|
| 245 | 1 | 0 |
_aMaestros del cante y del baile [ _hFotografía] / _cAlfonso (sello). |
| 260 |
_a[S.l. : _bs.n.], _c1985. |
||
| 300 |
_a13 fot. : _bb. y n. ; _c12 x 18 cm. |
||
| 490 | 1 | _aFlamenco, cantes antológicos | |
| 500 | _aDatos basados en invitación. | ||
| 511 | 0 | _aIntervienen: Rosa Durán, Rafael Romero, Perico del Lunar, Amador. | |
| 518 | _aActo organizado por el Ateneo de Madrid, la Fundación Banco Exterior y Asociación Tartessos, celebrado en el salón de actos el miércoles, 19 de junio de 1985, a las 20:00 h. | ||
| 600 | 1 | 4 |
_aDurán, Rosa. _946202 |
| 600 | 0 | 4 |
_aRomero, Rafael, _cel Gallina, _d1910-1991 _999348 |
| 600 | 0 | 4 |
_aPerico, _cel del lunar, _d1940- _991258 |
| 600 | 0 | 4 |
_aAmador, _c(palmero) _921092 |
| 610 | 2 | 4 |
_aAteneo de Madrid- _xActos culturales- _y1985- _vFotografías. _91900 |
| 710 | 2 |
_aAteneo de Madrid. _91875 |
|
| 710 | 0 | 0 |
_aFundación Banco Exterior. _94226 |
| 710 | 2 |
_aAsociación Tartessos. _91793 |
|
| 830 | 0 |
_aFlamenco, cantes antológicos _9176814 |
|
| 852 |
_aES-MaACL _jFOT 57/1985 |
||
| 856 | 4 |
_uhttp://www.ateneodemadrid.net/biblioteca_digital/imagenes/1985/0057_01-1985.jpg _zVer imagen |
|
| 856 | 4 |
_uhttp://www.ateneodemadrid.net/biblioteca_digital/imagenes/1985/0057_02-1985.jpg _zVer imagen |
|
| 999 |
_c3493 _d3493 |
||